000 00312nam a22001337a 4500
008 170307b xxu||||| |||| 00| 0 eng d
020 _a9780805349382
041 _aeng
080 _26 ED
_a611
100 _a6
101 _aSHM
245 _aESSENTIAL OF HUMAN ANATOMY PHYSIOLOGY
_cMARIEB.E.L
942 _2udc
_cBK
999 _c7016
_d7016